00842nam a2200145 4500008001400000020001800014082001900032100002700051245007000078260007800148300003100226440004400257505029600301650009900597701.18 AL454s a9786076053690 a701.18bAL454s aAlonso Atienza, Loreto aSin afuera aparente:bhacia una ecología de pantallas y humanos aCiudad de MéxicobInstituto Nacional de Bellas Artes y Literaturac2016 a19 p.billc20.5 x 13.5 cm nColección Abrevian Ensayosv6ta serie tI. Lo tecnocientífico y la lógica culturaltII. Las interfaces tecnológicas, entre la presencia y la presentacióntIII. Sujetos, comunidades e imágenes afectadastIV. Sin botones de apagado. Pantallas como interfaces de controltV. Sin afuera aparentetReferencias bibliográficas xarte contemporáneoxarte - crítica e interpretaciónxarte - ensayosxarte - tecnología